000 01502 a2200253 4500
003 NALT
005 20250721160833.0
008 250612b th ||||| |||| 00| 0 tha d
020 _a9786166123159
040 _aNALT
050 _aP 96.M4
_bส739ร 2567
100 0 _aสุกัญญา บูรณเดชาชัย.
_966060
245 1 0 _aรู้เท่าทันสื่อเพื่อเยาวชนผู้พิการ /
_cสุกัญญา บูรณเดชาชัย.
250 _aพิมพ์ครั้งที่ 1.
260 _aกรุงเทพฯ :
_bแดเน็กซ์ อินเตอร์คอร์ปอเรชั่น,
_c2567.
300 _a180 หน้า :
_bภาพประกอบ, ตาราง ;
_c21 ซม.
505 0 _aบทนำ -- เยาวชนคนหนุ่มสาว คือคนรุ่นใหม่ คือพลังของสังคม -- ภาคที่ 1 -- อิทธิพลสื่อยุคใหม่ เทวดาหรือซาตาน -- ภาคที่ 2 -- คนฉลาด รู้เท่าทันสื่อ.
650 4 _aการรู้เท่าทันสื่อ
_948780
650 4 _aสื่อข่าวสารกับเยาวชน
_965259
942 _cGB
_2lcc
996 _ajidapa.t
_bACQSTF
_c2025-06-12
996 _avaree.k
_bLIBSTF
_c2025-06-30
996 _ajamriang.p
_bCATSTF
_c2025-07-21
999 _c106794
_d106794
998 _j1020
_k นางจำเรียง ระวังสำโรง